Κατάλογος Βιβλιοθηκών Mediterranean College

Communication Arts / Design Annual 40 (Record no. 5473)

MARC details
000 -LEADER
fixed length control field 01116cam a22001934a 4500
005 - ΗΜΕΡΟΜΗΝΙΑ ΚΑΙ ΩΡΑ ΤΕΛΕΥΤΑΙΑΣ ΕΝΗΜΕΡΩΣΗΣ
Πεδίο ελέγχου 20250605163504.0
008 - FIXED-LENGTH DATA ELEMENTS--GENERAL INFORMATION
Πεδίο ελέγχου σταθερού μήκους 250528s ||||||||||||||||||||||||d
035 ## - SYSTEM CONTROL NUMBER
System control number 20353
020 ## - ISBN
ISBN 103519
040 ## - ΠΗΓΗ ΚΑΤΑΛΟΓΟΓΡΑΦΗΣΗΣ
Φορέας πρωτότυπης καταλογογράφησης MC Athens Campus Library
Γλώσσα καταλογογράφησης Ελληνικά, Μοντέρνα (1453-)
Modifying agency MC Athens Campus Library
Κανόνες περιγραφικής καταλογογράφησης AACR2
245 1# - ΤΙΤΛΟΣ ΚΑΙ ΔΗΛΩΣΗ ΥΠΕΥΘΥΝΟΤΗΤΑΣ
Τίτλος Communication Arts / Design Annual 40
260 ## - PUBLICATION, DISTRIBUTION, ETC.
Name of publisher, distributor, etc. Coyne & Blanchard, Inc,
Date of publication, distribution, etc. 1998
300 ## - PHYSICAL DESCRIPTION
Extent 344
505 0# - FORMATTED CONTENTS NOTE
Formatted contents note Categories, Packaging, Trademarks, Catalogs, Letterheads, Editorial, Books, Public Service, Miscellaneous, Technology Feature, Technology Reviews, Conference Review, Columns, Design Issues, Freelance, Advertising, Departments, Letter to the Editor, Materials and Available Literature, Interactive 1999 Call for Entries, Directory.
520 ## - SUMMARY, ETC.
Summary, etc. Categories, Packaging, Trademarks, Catalogs, Letterheads, Editorial, Books, Public Service, Miscellaneous, Technology Feature, Technology Reviews, Conference Review, Columns, Design Issues, Freelance, Advertising, Departments, Letter to the Editor, Materials and Available Literature, Interactive 1999 Call for Entries, Directory.
942 ## - ADDED ENTRY ELEMENTS (KOHA)
Koha item type Books
Holdings
Τύπος τεκμηρίου Βιβλιοθήκη Τρέχουσα τοποθεσία Barcode Αριθμός εισαγωγής Ημερομηνία απόκτησης Ταξιθετικό σύμβολο Αριθμός αντιτύπου Κατάσταση απόσυρσης Κατάσταση χαμένου Κατάσταση κατεστραμμένου Μη δανεισμός Σύνολο δανεισμών Ημερομηνία τελευταίας εμφάνισης Η τιμή ισχύει από
Books MC Athens Campus Library MC Athens Campus Library 9780000054722 6803 05/06/2025 709.04 COY V.40 N.6 1           05/06/2025 05/06/2025

MC Athens Campus Library
Πατησίων 94 & Κοδριγκτώνος 13, 104 34
Πελλήνης 8 & Πατησίων 107, 112 51
Τ: +30 210 8899600

MC Thessaloniki Campus Library
Ίωνος Δραγούμη 21, 54625 | Ίωνος Δραγούμη 15, 54625
Τ: +30 2310 287779 – Τ: +30 2314 440300